Pinguini Tattici Nucleari-Dentista Croazia - Statistics

Statistiche generali
  • Questo quiz è stato fatto 123 volte
  • Il punteggio medio è 338 su 405
Statistiche sulle risposte
Hint Risposta % Corretto
c'
99%
a
97%
i
97%
l'
97%
so
97%
in
96%
ma
96%
se
96%
di
95%
e
95%
è
95%
Strofa 4 E
95%
non
95%
Ritornello Non
95%
ci
94%
le
94%
po
94%
un
94%
che
92%
con
92%
Croazia
92%
denti
92%
Dentista
92%
Strofa 2 Si
92%
92%
si
92%
lo
91%
Strofa 1 Cosa
90%
cosa
90%
mai
90%
come
88%
com'è
88%
figli
88%
noi
88%
per
88%
ai
87%
cost
86%
diremo
86%
era
86%
ho
86%
la
86%
più
86%
poco
86%
poi
86%
quattro
86%
scritto
86%
set
86%
ti
86%
avremo
85%
cuore
85%
diventare
85%
Milano
85%
ore
85%
puoi
85%
quella
85%
Roma
85%
una
85%
agosto
83%
autostop
83%
costava
83%
fatto
83%
gli
83%
magico
83%
mani
83%
morire
83%
oppure
83%
rock
83%
sciolgono
83%
tanto
83%
vuole
83%
benzinai
82%
ed
82%
Strofa 5 Ed
82%
gruppi
82%
low
82%
magliette
82%
mano
82%
metto
82%
motel
82%
nell
82%
notte
82%
notti
82%
quelle
82%
siam
82%
sorriso
82%
tutte
82%
ventisette
82%
anziani
81%
aria
81%
arrivo
81%
chitarre
81%
cui
81%
eterno
81%
fermi
81%
figuraccia
81%
insonni
81%
nere
81%
pece
81%
pop
81%
Rolling
81%
rompono
81%
Stones
81%
strada
81%
strana
81%
Strofa 3 Sulla
81%
Zagabria
81%
band
79%
dei
79%
perfetti
79%
respirava
79%
San
79%
settimana
79%
Chante
78%
così
78%
dentro
78%
Dio
78%
euro
78%
portava
78%
portiera
78%
scelgono
78%
sentivamo
78%
Siro
78%
agnostico
77%
oroscopo
77%
sono
77%
spendere
77%
van
77%
Camogli
76%
cento
76%
crede
76%
dietro
76%
Ducato
76%
macchie
76%
spalle
76%
via
76%
diventate
74%
il
74%
larghe
74%
live
74%
ridevano
74%
Autogrill
73%
bene
73%
quando
72%
ripassare
72%
sogni
72%
te
72%
andato
71%
chiama
69%
destinazione
69%
nessuna
69%
chiede
68%
dell'
68%
destino
68%
luce
68%
Clair
67%
dove
67%
fine
67%
schiacciati
67%
siamo
67%
solamente
67%
vai
67%
arrivi
65%
cachet
65%
ora
65%
dice
64%
luci
64%
muori
64%
altro
63%
corsa
63%
arrivava
62%
aspettando
62%
evoluzione
62%
hai
62%
provi
62%
qualcun
62%
stadio
62%
andar
60%
canta
60%
solo
60%
momenti
58%
qualche
58%
stringiamo
58%
sui
58%
vive
58%
adesso
56%
letti
56%
passa
55%
avrai
54%
insegnato
54%
risposta
54%
qualsiasi
53%
trovo
53%
questa
51%
forse
50%
frase
49%
tipo
49%
stessa
47%
però
41%
Fry
33%
Seymour
22%
Nessun quiz corrispondente trovato
Distribuzione punteggi
Percentuale di utenti per punteggio
Percentile per numero di risposta
I tuoi punteggi nel tempo
Non hai fatto questo quiz